|
|
|
|
| LEADER |
00000nam0a2200000 4500 |
| 001 |
147353 |
| 005 |
20231101221304.0 |
| 035 |
|
|
|a (RuTPU)RU\TPU\book\159715
|
| 090 |
|
|
|a 147353
|
| 100 |
|
|
|a 20081113d1971 km y0rusy50 ca
|
| 101 |
0 |
|
|a rus
|
| 102 |
|
|
|a RU
|
| 105 |
|
|
|a y z 001zy
|
| 200 |
1 |
|
|a Методы удаления меркаптанов жидкими поглотителями, применяемые в процессах химической, газовой и нефтеперерабатывающей промышленности
|f А. В. Гладкий, Ю. М. Афанасьев
|g Центральный научно-исследовательский институт технико-экономических исследований нефтеперерабатывающей и нефтехимической промышленности
|
| 210 |
|
|
|a Москва
|c ЦНИИТЭнефтехим
|d 1971
|
| 215 |
|
|
|a 94 с.
|
| 225 |
1 |
|
|a Промышленная и санитарная очистка газов
|
| 320 |
|
|
|a Библиогр.: с. 82-94.
|
| 610 |
1 |
|
|a химическая промышленность
|
| 610 |
1 |
|
|a газовая промышленность
|
| 610 |
1 |
|
|a нефтеперерабатывающая промышленность
|
| 610 |
1 |
|
|a меркаптаны
|
| 610 |
1 |
|
|a удаление
|
| 610 |
1 |
|
|a жидкие поглотители
|
| 610 |
1 |
|
|a применение
|
| 675 |
|
|
|a 665.5.02
|v 3
|
| 675 |
|
|
|a 66.074
|v 3
|
| 700 |
|
1 |
|a Гладкий
|b А. В.
|
| 701 |
|
1 |
|a Афанасьев
|b Ю. М.
|
| 712 |
0 |
2 |
|a Центральный научно-исследовательский институт технико-экономических исследований нефтеперерабатывающей и нефтехимической промышленности
|2 stltpush
|3 (RuTPU)RU\TPU\col\13742
|9 25766
|
| 801 |
|
1 |
|a RU
|b 63413507
|c 20081113
|g PSBO
|
| 801 |
|
2 |
|a RU
|b 63413507
|c 20090116
|g PSBO
|
| 942 |
|
|
|c BK
|